000 004690000a22001810004500
003 MACL
005 20151016114737.0
008 151016b xxu||||| |||| 00| 0 eng d
040 _aMACL
_cMACL
041 _aEnglish
082 _a920/TAG
100 _aTagore, Saumyeneranath
_915205
245 _aRaja Rammohan Roy
_bBuilders of Modern India
260 _bPublicaton Division
_c1973
_aCalcutta
350 _a4
650 _aAutobiography
_915206
942 _cBK
_k920
_2ddc
999 _c6866
_d6866